000 00481nam a22001217a 4500
999 _c10217
_d10217
003 OSt
008 201218b ||||| |||| 00| 0 eng d
245 _aIETE Journal of Research
250 _a2013(Jan-Feb Vol.59 No.1, Mar-Apr Vol.59 No.2, May-Jun Vol.59 No.3, Jul-Aug Vol.59 No.4, Sep-Oct Vol.59 No.5, Nov-Dec Vol.59 No.6)
260 _aNew Delhi
_bInstitution of Electronics and Telecommunication Engineers
650 _aElectronics and Communication Engineering
942 _2ddc
_cBV